000 00232nam a2200085Ia 4500
008 220204s9999 xx 000 0 und d
082 _a354
_bCIV
245 0 _aCivil list of the administrative service as on 1st January 1976
942 _cBK
999 _c25232
_d25232